|
|
|
|
| LEADER |
00804nam a2200205 a 4500 |
| 001 |
3356809 |
| 008 |
130818s2003 ii a b 001 0 eng d |
| 020 |
|
|
|a 9788120324039
|
| 040 |
|
|
|a ANL
|b eng
|d BD-DhAAL.
|
| 082 |
0 |
4 |
|a 351. 54
|2 22
|
| 245 |
0 |
0 |
|a Contemporary debates in public administration /
|c editor Alka Dhameja.
|
| 260 |
|
|
|a New Delhi :
|b PHI Learning,
|c c2003.
|
| 300 |
|
|
|a xvi, 379 p. ;
|c 25 cm.
|
| 504 |
|
|
|a Includes bibliographical references and index.
|
| 541 |
|
|
|e 00027283
|
| 650 |
|
0 |
|a Public administration
|z India
|
| 700 |
1 |
|
|a Dhameja, Alka.
|
| 852 |
1 |
|
|a Ayesha Abed Library
|j General shelf.
|
| 999 |
|
|
|c 13859
|d 13859
|
| 952 |
|
|
|0 0
|1 0
|2 ddc
|4 0
|6 351_540000000000000_CON
|7 0
|9 23190
|a IGS
|b IGS
|c GEN
|d 2013-08-19
|e Karim International
|g 585.00
|l 0
|o 351.54 CON
|p 3010027283
|r 2013-08-19
|t 1
|w 0000-00-00
|y BK
|x Available
|